Statistics for 2013-2023 Seattle Seahawks NFL, quarterbacks and best wide receivers.

Click here to take the quiz!

General Stats

  • This quiz has been taken 42 times
  • The average score is 4 of 5

Answer Stats

Answer% Correct
Russel Wilson
97%
DK Metcalf
92%
Tyler lockett
92%
Geno smith
82%
Marshan Lynch
21%

Score Distribution

Percentile by Number Answered

Percent of People with Each Score

Your Score History

You have not taken this quiz